000 00517nam a2200181Ia 4500
003 GCL
008 140319s9999 xx 000 0 eng d
040 _aGCL /
_cGCL
082 0 4 _a327.7304
_bP E
100 1 _aPETER, JOHN
245 1 0 _aEUROPE AND AMERICA: THE PROSPECTS AND PARTNERSHIP /
_cPETER, JOHN
260 _a[S.N] :
_bROUTLEDGE ،
_c1993
300 _a240 P
650 0 4 _aINTERNATIONAL RELATIONS
650 0 4 _aUNITED STATES - FOREIGN RELATIONS
650 0 4 _aEUROPE - FOREIGN RELATIONS
942 _2ddc
_cBK
999 _c14052
_d14052